El imperialismo en busca de la contra revolución cultural / (Registro nro. 11393)
[ vista simple ]
| 000 -LIDER | |
|---|---|
| fixed length control field | 00579nam a22001937a 4500 |
| 003 - IDENTIFICACDOR DE NÚMERO DE CONTROL | |
| control field | DO-SdBNP |
| 005 - DATE AND TIME OF LATEST TRANSACTION | |
| control field | 20180126110719.0 |
| 008 - ELEMENTOS DE LONGITUD FIJA | |
| fixed length control field | 160915b 1974 ve||||| |||| 00| 0 spa d |
| 040 ## - FUENTE DE CATALOGACIÓN | |
| Agencia que crea de manera original el registro | BPMSU |
| Idioma de catalogación | spa |
| Agencia que realiza la transcripción | BPMSU |
| 100 ## - ASIENTO PRINCIPAL -- NOMBRE PERSONAL | |
| Nombre personal | Mattelart, Armand |
| 245 ## - MENCIÓN DE TITULO | |
| Título | El imperialismo en busca de la contra revolución cultural / |
| Mención de responsabilidad | Armand Mattelart |
| 260 ## - PUBLICACIÓN, DISTRIBUCIÓN, ETC. (PIE DE IMPRENTA) | |
| Lugar de publicación, distribución, etc | Caracas, Venezuela |
| Nombre del editor, distribuidor, etc. | Universidad Central de Venezuela |
| Fecha de publicación, distribución, etc | 1974 |
| 300 ## - DESCRIPCIÓN FÍSICA | |
| Extensión | 86 p. : |
| Dimensiones | 23 cm |
| 490 0# - MENCIÓN DE SERIES | |
| Mención de serie | Esquema |
| 830 #0 - ASIENTO SECUNDARIO DE SERIE--TÍTULO UNIFORME | |
| Título uniforme | Esquema |
| 942 ## - ADDED ENTRY ELEMENTS (KOHA) | |
| Source of classification or shelving scheme | Dewey Decimal Classification |
| Koha item type | Libros |
| 945 ## - INFORMACIÓN DE PROCESAMIENTO LOCAL | |
| Información de procesamiento local | Inventariado, 2018 / YL |
| 956 ## - LOCAL ELECTRONIC LOCATION AND ACCESS (OCLC) | |
| Nombre de host | DGARCIA |
| Número de acceso | 10 |
| Información de compresión | BPMSU |
| Withdrawn status | Lost status | Source of classification or shelving scheme | Damaged status | Not for loan | Collection code | Home library | Current library | Date acquired | Source of acquisition | Total Checkouts | Barcode | Date last seen | Price effective from | Koha item type |
|---|---|---|---|---|---|---|---|---|---|---|---|---|---|---|
| Dewey Decimal Classification | Colección General | Biblioteca Pública Metropolitana Salomé Ureña | Biblioteca Pública Metropolitana Salomé Ureña | 01/26/2018 | Donación Embajada de Venezuela | BPMSU18010064 | 01/26/2018 | 01/26/2018 | Libros |